[Event "Titled Tue 27th May Late"]
[Site "chess.com INT"]
[Date "2025.05.27"]
[Round "2"]
[White "Gergacz, Attila"]
[Black "Khalafova, Narmin"]
[Result "0-1"]
[WhiteTitle "IM"]
[BlackTitle "WGM"]
[WhiteElo "2383"]
[BlackElo "2248"]
[WhiteFideId "730157"]
[BlackFideId "13402625"]
[EventDate "2025.05.27"]

1. e4 d6 2. d4 Nf6 3. Nc3 g6 4. Be3 c6 5. f3 b5 6. g4 h5 7. g5 Nfd7 8. Qd2 a6 9.
f4 Bb7 10. Bg2 c5 11. d5 Bg7 12. Nf3 Nb6 13. Qe2 Nc4 14. Bc1 Qa5 15. O-O Nd7 16.
a4 Nxb2 17. Bxb2 Bxc3 18. Bxc3 Qxc3 19. axb5 a5 20. e5 Bxd5 21. exd6 e6 22. Ne5
Bxg2 23. Qxg2 Rd8 24. Nxd7 Rxd7 25. Qa8+ Rd8 26. Qc6+ Kf8 27. Rfd1 Qe3+ 28. Kg2
Qxf4 29. Rd3 Qxg5+ 30. Kh1 Kg7 31. Rf1 Rhf8 32. d7 h4 33. b6 Qe5 34. b7 Rb8 35.
c4 Rfd8 36. Rb1 f5 37. Qd6 Qe4+ 38. Kg1 h3 39. Rb2 Qe1# 0-1

[Event "Titled Tue 27th May Late"]
[Site "chess.com INT"]
[Date "2025.05.27"]
[Round "2"]
[White "Bian, Alex"]
[Black "Mafra, Kaiser Luiz"]
[Result "1-0"]
[WhiteTitle "FM"]
[BlackTitle "CM"]
[WhiteElo "2342"]
[BlackElo "2094"]
[WhiteFideId "2056372"]
[BlackFideId "2106698"]
[EventDate "2025.05.27"]

1. e4 c5 2. Nf3 d6 3. d4 cxd4 4. Nxd4 Nf6 5. Nc3 a6 6. Bg5 e6 7. f4 Be7 8. Qf3
Qc7 9. O-O-O Nbd7 10. Be2 h6 11. Bxf6 Bxf6 12. f5 Ne5 13. Qh3 O-O 14. fxe6 fxe6
15. Kb1 Qe7 16. Rhf1 b5 17. a3 Nc4 18. Bg4 e5 19. Nf5 Bxf5 20. Bxf5 Ra7 21. Be6+
Kh8 22. Bxc4 bxc4 23. Nd5 Qd7 24. Nxf6 Qxh3 25. gxh3 Rxf6 26. Rxf6 gxf6 27. Rxd6
Kg7 28. Kc1 a5 29. Kd2 Kf7 30. Kc3 Ke7 31. Rc6 Rd7 32. Rxc4 Rd1 33. Rc7+ Kd6 34.
Rh7 Re1 35. Rxh6 Rxe4 36. Rxf6+ Ke7 37. Rf3 Re2 38. b4 e4 39. Rg3 axb4+ 40. axb4
Rxh2 41. Re3 Kd6 42. Rxe4 Rxh3+ 43. Kc4 Rh5 44. Rd4+ Kc6 45. Rg4 Rh6 46. b5+ Kb6
47. Kb4 Re6 48. c4 Rf6 49. c5+ Kb7 50. Rg7+ Kb8 51. Ka5 Rf1 52. Kb6 Rf6+ 53. c6
Rg6 54. Rxg6 Kc8 55. Rg8# 1-0

[Event "Titled Tue 27th May Late"]
[Site "chess.com INT"]
[Date "2025.05.27"]
[Round "2"]
[White "Mihajlovskij, Sergei"]
[Black "Ehlvest, Jaan"]
[Result "0-1"]
[BlackTitle "GM"]
[WhiteElo "2292"]
[BlackElo "2532"]
[WhiteFideId "13500805"]
[BlackFideId "4500016"]
[EventDate "2025.05.27"]

1. e4 e5 2. Nf3 Nc6 3. Bb5 a6 4. Ba4 Nf6 5. Nc3 Bc5 6. d3 d6 7. h3 h6 8. O-O b5
9. Bb3 Na5 10. d4 Nxb3 11. axb3 exd4 12. Nxb5 Bb7 13. Nbxd4 Nxe4 14. Re1 O-O 15.
Qd3 Re8 16. Be3 Qf6 17. c3 Bb6 18. Rad1 Rad8 19. b4 c5 20. Nc2 Bc7 21. Nh2 cxb4
22. Nxb4 Nc5 23. Qd4 Qg6 24. Nd5 Re4 25. Qd2 Bb8 26. Nf3 Rde8 27. b4 Ne6 28. Qc2
Nc7 29. Nb6 Rxe3 30. Qxg6 Rxe1+ 31. Rxe1 Rxe1+ 32. Nxe1 fxg6 33. Nd7 Ba7 0-1

[Event "Titled Tue 27th May Late"]
[Site "chess.com INT"]
[Date "2025.05.27"]
[Round "2"]
[White "Kang, Dorian"]
[Black "Fomevor, Cephas Clinton"]
[Result "0-1"]
[WhiteTitle "CM"]
[BlackTitle "CM"]
[WhiteElo "2047"]
[BlackElo "1883"]
[WhiteFideId "2619156"]
[BlackFideId "12601330"]
[EventDate "2025.05.27"]

1. e4 c6 2. d4 d5 3. exd5 cxd5 4. Bd3 Nf6 5. c3 Nc6 6. Bf4 Bg4 7. Qb3 Qd7 8. Nd2
e6 9. Ngf3 Bxf3 10. Nxf3 Bd6 11. Ne5 Qc7 12. O-O O-O 13. Rfe1 Nh5 14. Nxc6 Nxf4
15. Ne5 Bxe5 16. dxe5 Nxd3 17. Re3 Nxe5 18. Rd1 a6 19. Rd4 Nc4 20. Rg3 Nd6 21.
Rh3 Ne4 22. Qd1 Qc5 23. Qc2 h6 24. Rd1 Rac8 25. Rf3 b5 26. a3 a5 27. Re1 b4 28.
axb4 axb4 29. Qc1 bxc3 30. bxc3 Nxc3 31. Qf4 Ne2+ 32. Rxe2 Qc1+ 0-1

[Event "Titled Tue 27th May Late"]
[Site "chess.com INT"]
[Date "2025.05.27"]
[Round "2"]
[White "Do Carmo, Gabriel Carckeno"]
[Black "Cervantes Landeiro, Thalia"]
[Result "1-0"]
[BlackTitle "FM"]
[WhiteElo "2021"]
[BlackElo "2278"]
[WhiteFideId "22783024"]
[BlackFideId "3520498"]
[EventDate "2025.05.27"]

1. c4 e5 2. Nc3 Nf6 3. Nf3 Nc6 4. e4 Bc5 5. Nxe5 Nxe5 6. d4 Bxd4 7. Qxd4 d6 8.
Be2 O-O 9. Be3 Nfg4 10. Bf4 Ng6 11. Bg3 Qf6 12. Qd2 Be6 13. O-O-O N4e5 14. b3
Nc6 15. f4 Nge7 16. f5 Bd7 17. Bf4 Nb4 18. Kb1 Nec6 19. g4 h6 20. h4 a5 21. g5
Qe7 22. gxh6 a4 23. hxg7 Rfe8 24. Bf3 axb3 25. axb3 Ra3 26. Kb2 Rea8 27. Ra1
Rxa1 28. Rxa1 Rxa1 29. Kxa1 Qf6 30. Kb2 Ne5 31. Be2 1-0

[Event "Titled Tue 27th May Late"]
[Site "chess.com INT"]
[Date "2025.05.27"]
[Round "2"]
[White "Bluebaum, Matthias"]
[Black "Arabidze, Meri"]
[Result "1-0"]
[WhiteTitle "GM"]
[BlackTitle "IM"]
[WhiteElo "2660"]
[BlackElo "2440"]
[WhiteFideId "24651516"]
[BlackFideId "13604040"]
[EventDate "2025.05.27"]

1. d4 Nf6 2. c4 e6 3. Nc3 Bb4 4. e3 O-O 5. Bd2 d5 6. Nf3 b6 7. cxd5 exd5 8. Rc1
a6 9. Bd3 Bb7 10. O-O Nbd7 11. Ne5 Re8 12. f4 Bxc3 13. Bxc3 Ne4 14. Bxe4 dxe4
15. Qb3 Nxe5 16. dxe5 Bd5 17. Qd1 Bc4 18. Qg4 Bxf1 19. Rxf1 Kh8 20. f5 Qd3 21.
Qf4 Rad8 22. f6 g5 23. Qxg5 Rg8 24. Qf4 Qe2 25. g3 Rd1 26. e6 Rxf1+ 27. Qxf1
Qxe3+ 28. Kg2 Qf3+ 29. Qxf3 exf3+ 30. Kxf3 Rf8 31. Kf4 h6 32. e7 Re8 33. Be5 c6
34. Bc7 b5 35. b4 Kh7 36. Kf5 h5 37. h3 Kh6 38. g4 hxg4 39. hxg4 Kh7 40. g5 Kg8
41. g6 a5 42. Bxa5 c5 43. bxc5 1-0

[Event "Titled Tue 27th May Late"]
[Site "chess.com INT"]
[Date "2025.05.27"]
[Round "2"]
[White "Kleimenov, Nikolay"]
[Black "Patel, Maahir M"]
[Result "1-0"]
[WhiteTitle "CM"]
[WhiteElo "2198"]
[BlackElo "2026"]
[WhiteFideId "34414223"]
[BlackFideId "30995612"]
[EventDate "2025.05.27"]

1. e4 a6 2. d4 c6 3. Nc3 d5 4. e5 c5 5. dxc5 e6 6. Bd3 Bxc5 7. Qg4 Kf8 8. Nf3
Nc6 9. O-O h5 10. Qf4 Nh6 11. a3 b5 12. b4 Be7 13. Bb2 g5 14. Qd2 g4 15. Ne1 Bg5
16. Qe2 Nd4 17. Qd1 h4 18. f4 gxf3 19. Nxf3 Be3+ 20. Kh1 h3 21. gxh3 Nhf5 22.
Nxd4 Nxd4 23. Ne2 Nf5 24. Bxf5 exf5 25. Bd4 Rxh3 26. Bxe3 Rxe3 27. Nd4 Rxe5 28.
Qh5 Qf6 29. Rae1 Rxe1 30. Rxe1 Qxd4 31. Qh6+ Qg7 32. Re8+ Kxe8 33. Qxg7 Be6 34.
Qh8+ Kd7 35. Qxa8 f4 36. Qxa6 Bf5 37. Qxb5+ Ke6 38. Kg1 Be4 39. Kf2 Ke5 40. Qc5
f5 41. a4 f3 42. a5 Kf4 43. a6 d4 44. Qd6+ Kg4 45. Qg3+ Kh5 46. h4 Kh6 47. Qg5+
Kh7 48. a7 d3 49. cxd3 Bxd3 50. a8=Q Be4 51. Qag8# 1-0

[Event "Titled Tue 27th May Late"]
[Site "chess.com INT"]
[Date "2025.05.27"]
[Round "2"]
[White "Liu, Jason"]
[Black "Holinka, Henning"]
[Result "1-0"]
[WhiteTitle "CM"]
[BlackTitle "FM"]
[WhiteElo "2064"]
[BlackElo "2303"]
[WhiteFideId "2514656"]
[BlackFideId "12967084"]
[EventDate "2025.05.27"]

1. e4 c5 2. Nf3 e6 3. d4 cxd4 4. Nxd4 a6 5. Nc3 b5 6. g3 Bb7 7. Bg2 b4 8. Nce2
Nf6 9. f3 d5 10. e5 Nfd7 11. f4 Nc6 12. Be3 Bc5 13. O-O O-O 14. Qd2 Qe7 15. Kh1
Nb6 16. b3 Rac8 17. f5 Nxe5 18. f6 gxf6 19. Bh6 Rfe8 20. Nf4 Ng4 21. Nh5 f5 22.
Bg7 Bd6 23. Bf6 h6 24. Bxe7 Bxe7 25. h3 Bg5 26. Qe2 Nf6 27. h4 Ne4 28. hxg5 hxg5
29. Bxe4 dxe4 30. Nf6+ Kg7 31. Nxe8+ Rxe8 32. Kg1 Nd5 33. Rae1 f6 34. Rf2 Kg6
35. Rh2 g4 36. Qd2 e3 37. Rxe3 e5 38. Re1 f4 39. Qd3+ e4 40. Rxe4 1-0

[Event "Titled Tue 27th May Late"]
[Site "chess.com INT"]
[Date "2025.05.27"]
[Round "2"]
[White "De Sousa, Antonio Micaias Silva"]
[Black "Kalyani Sirin"]
[Result "0-1"]
[BlackTitle "WFM"]
[WhiteElo "2007"]
[BlackElo "2136"]
[WhiteFideId "22798528"]
[BlackFideId "33323500"]
[EventDate "2025.05.27"]

1. e4 c5 2. Nf3 d6 3. d3 e5 4. g3 Nc6 5. c3 g6 6. Bg2 Bg7 7. O-O Nge7 8. a4 O-O
9. Na3 f5 10. Nc4 f4 11. h3 h6 12. d4 fxg3 13. fxg3 exd4 14. cxd4 Nxd4 15. Nxd4
Bxd4+ 16. Kh2 Rxf1 17. Bxf1 Kh7 18. Qd2 Qf8 19. Bg2 Nc6 20. Qf4 Qxf4 21. Bxf4 g5
22. Bxd6 Be6 23. Rc1 Rd8 24. e5 Bxc4 25. Rxc4 Bxe5 26. Bxc5 Rd2 27. Kg1 Nd4 28.
Bxd4 Bxd4+ 29. Kh1 Rd1+ 30. Kh2 Bg1+ 31. Kh1 b6 32. Be4+ Kg7 33. Kg2 Bc5 34. b4
Rd2+ 35. Kf3 Rf2+ 36. Kg4 Bd6 37. Rc6 Rf6 38. b5 Be5 39. Re6 Rxe6 0-1

[Event "Titled Tue 27th May Late"]
[Site "chess.com INT"]
[Date "2025.05.27"]
[Round "2"]
[White "Eljanov, Pavel"]
[Black "Akkara, Omer"]
[Result "1-0"]
[WhiteTitle "GM"]
[BlackTitle "CM"]
[WhiteElo "2668"]
[BlackElo "2036"]
[WhiteFideId "14102951"]
[BlackFideId "26319802"]
[EventDate "2025.05.27"]

1. d4 Nf6 2. Nf3 e6 3. Bf4 d5 4. e3 Be7 5. h3 h6 6. Nbd2 O-O 7. Bd3 b6 8. Qe2
Bb7 9. Ne5 c5 10. c3 Nbd7 11. O-O Rc8 12. Rfd1 Nb8 13. a3 Nc6 14. b4 c4 15. Bc2
Bd6 16. e4 Qc7 17. Nxc6 Bxf4 18. Nxa7 Ra8 19. Nb5 Qd7 20. e5 Ne8 21. a4 Bxd2 22.
Qxd2 Bc6 23. f4 Bxb5 24. axb5 Nc7 25. f5 exf5 26. Qf4 Nxb5 27. Bxf5 Qe7 28. Qf3
Nc7 29. Rf1 Qg5 30. Bd7 Rad8 31. Bc6 Qg6 32. b5 Qe6 33. Ra7 Rc8 34. Qf5 Qxf5 35.
Rxf5 Rfd8 36. Rb7 1-0

[Event "Titled Tue 27th May Late"]
[Site "chess.com INT"]
[Date "2025.05.27"]
[Round "2"]
[White "Gharibyan, Mamikon"]
[Black "Elier, Ali"]
[Result "1-0"]
[WhiteTitle "GM"]
[BlackTitle "CM"]
[WhiteElo "2472"]
[BlackElo "2142"]
[WhiteFideId "13308300"]
[BlackFideId "16217543"]
[EventDate "2025.05.27"]

1. d4 d5 2. c4 e6 3. Nc3 c5 4. cxd5 cxd4 5. Qa4+ Bd7 6. Qxd4 exd5 7. Qxd5 Nc6 8.
Nf3 Nf6 9. Qd1 Bc5 10. e3 Qe7 11. Be2 O-O-O 12. O-O g5 13. b4 Bxb4 14. Bb2 g4
15. Nd4 h5 16. Rc1 Kb8 17. Ncb5 h4 18. Qa4 a6 19. Nxc6+ Bxc6 20. Rxc6 axb5 21.
Qxb5 Bd6 22. Rb1 Rd7 23. Rxd6 Rxd6 24. Be5 Rd8 25. Rd1 Ne8 26. Bxg4 Nc7 27. Bxd6
Rxd6 28. Qb1 Qe5 29. h3 f5 30. Rxd6 Qxd6 31. Bxf5 Nd5 32. Be4 1-0

[Event "Titled Tue 27th May Late"]
[Site "chess.com INT"]
[Date "2025.05.27"]
[Round "2"]
[White "Onyshchuk, Volodymyr"]
[Black "Ernst, Robert"]
[Result "0-1"]
[WhiteTitle "GM"]
[BlackTitle "FM"]
[WhiteElo "2602"]
[BlackElo "2340"]
[WhiteFideId "14114038"]
[BlackFideId "1662643"]
[EventDate "2025.05.27"]

1. e4 c5 2. Nf3 d6 3. d4 cxd4 4. Nxd4 Nf6 5. Nc3 a6 6. a4 e5 7. Nf3 Be7 8. Bc4
O-O 9. O-O Nc6 10. h3 h6 11. Qe2 Be6 12. Rd1 Rc8 13. Bb3 Bxb3 14. cxb3 Qb6 15.
Ra3 Nb4 16. Be3 Qc6 17. Nd2 d5 18. exd5 Nfxd5 19. Nxd5 Nxd5 20. Raa1 Qc2 21.
Rac1 Qxb2 22. Rxc8 Rxc8 23. Qg4 Rd8 24. Nc4 Qxb3 25. Nxe5 Nxe3 26. Rxd8+ Bxd8
27. Qc8 Qd1+ 28. Kh2 Nf1+ 29. Kg1 Ne3+ 30. Kh2 Qd6 31. Kg1 Qc7 32. Qa8 Nd5 33.
Nd3 Nf6 34. a5 Kh7 35. g3 Qd7 36. Ne5 Qd5 37. Ng4 Nxg4 38. hxg4 Bxa5 39. Qc8 Bd8
40. Qc2+ g6 0-1

[Event "Titled Tue 27th May Late"]
[Site "chess.com INT"]
[Date "2025.05.27"]
[Round "2"]
[White "Aliyev, Elnur"]
[Black "Cori Quispe, Kevin Joel"]
[Result "1-0"]
[WhiteTitle "CM"]
[BlackTitle "GM"]
[WhiteElo "2155"]
[BlackElo "2464"]
[WhiteFideId "13402617"]
[BlackFideId "3814017"]
[EventDate "2025.05.27"]

1. d4 Nf6 2. c4 c5 3. Nf3 cxd4 4. Nxd4 e5 5. Nc2 d5 6. cxd5 Qxd5 7. Qxd5 Nxd5 8.
e4 Nb4 9. Nxb4 Bxb4+ 10. Bd2 Nc6 11. Bb5 Bd7 12. Bxc6 Bxd2+ 13. Nxd2 Bxc6 14.
Ke2 Ke7 15. Ke3 Rhd8 16. Rhd1 Rd4 17. f3 Rad8 18. Ke2 Ba4 19. b3 Bb5+ 20. Ke1 g6
21. Rac1 Rd3 22. Nc4 Rxd1+ 23. Rxd1 Rxd1+ 24. Kxd1 Bxc4 25. bxc4 Kd6 26. Kd2 Kc5
27. Kc3 a5 28. a4 f5 29. g3 h5 30. exf5 gxf5 31. h3 Kd6 32. Kd3 Ke6 33. c5 Kf6
34. Kc4 Ke6 35. g4 h4 36. g5 f4 37. g6 Kf6 38. Kd5 Kxg6 39. Kxe5 Kg5 40. Ke4 Kf6
41. Kxf4 Ke6 42. Ke4 1-0

[Event "Titled Tue 27th May Late"]
[Site "chess.com INT"]
[Date "2025.05.27"]
[Round "2"]
[White "Demchenko, Yaroslav"]
[Black "Sobek, Jaroslav"]
[Result "1-0"]
[WhiteTitle "CM"]
[BlackTitle "FM"]
[WhiteElo "2286"]
[BlackElo "2195"]
[WhiteFideId "14186667"]
[BlackFideId "301388"]
[EventDate "2025.05.27"]

1. Nf3 c5 2. e3 e6 3. b3 b6 4. Bb2 Bb7 5. d4 Nf6 6. Bd3 d6 7. O-O Be7 8. c4 Nbd7
9. Nbd2 O-O 10. Re1 Re8 11. Rc1 Rc8 12. Bb1 Qc7 13. e4 cxd4 14. Nxd4 a6 15. Nf1
Qb8 16. Ng3 Bf8 17. h4 h6 18. Qd2 Ba8 19. b4 b5 20. cxb5 axb5 21. Bd3 Rxc1 22.
Rxc1 Rc8 23. Bxb5 Rxc1+ 24. Qxc1 e5 25. Bxd7 Nxd7 26. Nc6 Qb6 27. Na5 Qxb4 28.
Nb3 Nc5 29. Nxc5 dxc5 30. Bxe5 c4 31. Bc3 Qa4 32. Qd2 Bc6 33. Kh2 Bd7 34. Qd4
Qb5 35. e5 Be6 36. Ne4 Qc6 37. Nd6 Qa4 38. Qd2 Qc6 39. f3 Qa8 40. Qc2 Qc6 41.
Qd1 Qa8 42. a4 Qc6 43. a5 Qa8 44. Qa4 Qa6 45. Qb5 1-0

[Event "Titled Tue 27th May Late"]
[Site "chess.com INT"]
[Date "2025.05.27"]
[Round "2"]
[White "Nouali, Mohamed"]
[Black "Aradhya, Garg"]
[Result "0-1"]
[WhiteTitle "FM"]
[BlackTitle "IM"]
[WhiteElo "2157"]
[BlackElo "2383"]
[WhiteFideId "5502462"]
[BlackFideId "25006746"]
[EventDate "2025.05.27"]

1. e4 e5 2. Bc4 Nf6 3. Nc3 Nc6 4. d3 Bc5 5. f4 d6 6. Nf3 Bg4 7. Na4 O-O 8. Nxc5
dxc5 9. O-O Nd4 10. Kh1 b5 11. Bb3 Nd7 12. c3 Bxf3 13. gxf3 Nxb3 14. axb3 f5 15.
Qe2 Qf6 16. Be3 Kh8 17. Rf2 Qc6 18. Rg1 Rf7 19. fxe5 Nxe5 20. d4 cxd4 21. Bxd4
Ng6 22. h4 fxe4 23. h5 exf3 24. Qe3 Rf4 25. Rg3 Rh4+ 26. Kg1 Rxh5 27. Rgxf3 h6
28. Kf1 Rg5 0-1

[Event "Titled Tue 27th May Late"]
[Site "chess.com INT"]
[Date "2025.05.27"]
[Round "2"]
[White "Tymrakiewicz, Rafal"]
[Black "Shirov, Alexei"]
[Result "0-1"]
[WhiteTitle "FM"]
[BlackTitle "GM"]
[WhiteElo "2189"]
[BlackElo "2620"]
[WhiteFideId "1108832"]
[BlackFideId "2209390"]
[EventDate "2025.05.27"]

1. d4 d5 2. Bg5 h6 3. Bf4 c5 4. e3 Nc6 5. c3 Nf6 6. Nd2 Qb6 7. Qb3 c4 8. Qc2 Nh5
9. Ngf3 Nxf4 10. exf4 g6 11. g3 Bf5 12. Qc1 Bg7 13. Bg2 Bd3 14. Bf1 Rc8 15. Bxd3
cxd3 16. Qb1 g5 17. fxg5 hxg5 18. O-O g4 19. Ne1 Nxd4 20. cxd4 Qh6 21. h4 Qxd2
22. Qxd3 Qxd3 23. Nxd3 Bxd4 24. Rac1 Kd7 25. Rfd1 e5 26. b3 Kd6 27. Kf1 f5 28.
Ke2 b5 29. Nb4 a5 30. Nd3 a4 31. Rxc8 Rxc8 32. Rc1 Rxc1 33. Nxc1 e4 34. Ke1 Bc3+
35. Kd1 Be5 36. Ne2 d4 37. bxa4 bxa4 38. Nc1 d3 39. a3 Bd4 40. Ke1 Bb2 41. Na2
Bxa3 42. Kd2 Bb2 43. h5 Ke6 0-1

[Event "Titled Tue 27th May Late"]
[Site "chess.com INT"]
[Date "2025.05.27"]
[Round "2"]
[White "Khodabandeh, Milad"]
[Black "Ermolaev, Evgeny"]
[Result "1-0"]
[WhiteTitle "CM"]
[BlackTitle "FM"]
[WhiteElo "1957"]
[BlackElo "2282"]
[WhiteFideId "12538620"]
[BlackFideId "24103195"]
[EventDate "2025.05.27"]

1. e4 c5 2. Nf3 Nc6 3. d4 cxd4 4. Nxd4 Nf6 5. Nc3 e5 6. Ndb5 d6 7. Bg5 a6 8. Na3
b5 9. Nd5 Be7 10. Bxf6 Bxf6 11. c4 b4 12. Nc2 a5 13. g3 O-O 14. Bg2 g6 15. O-O
Bg7 16. Qd3 Be6 17. Rad1 h5 18. b3 h4 19. Nde3 Qb6 20. gxh4 Rad8 21. h5 gxh5 22.
Nf5 Bxf5 23. exf5 Nd4 24. Bd5 Nxc2 25. Qxc2 Bf6 26. Qe2 Rd7 27. Qxh5 Rb8 28. Qh6
Bg7 29. Qh3 Bf6 30. Kh1 Kf8 31. Qh5 Qd8 32. Rg1 Qe8 33. Rg4 Ke7 34. Rdg1 Kd8 35.
Rg8 Kc7 36. Rxe8 Rxe8 37. Qh6 Bd8 38. Qe3 Kb8 39. Bc6 Ree7 40. Bxd7 Rxd7 41. Rg8
Kc7 42. Qa7+ Kc6 43. Qa6+ Kc7 44. Qxa5+ Kc6 45. Rxd8 Rb7 46. Qd5+ Kc7 47. Qxd6# 1-0

[Event "Titled Tue 27th May Late"]
[Site "chess.com INT"]
[Date "2025.05.27"]
[Round "2"]
[White "Bortnyk, Olexandr"]
[Black "Barseghyan, Armen Ar."]
[Result "1-0"]
[WhiteTitle "GM"]
[BlackTitle "IM"]
[WhiteElo "2601"]
[BlackElo "2348"]
[WhiteFideId "14120828"]
[BlackFideId "13306707"]
[EventDate "2025.05.27"]

1. e4 c5 2. Nf3 Nc6 3. c3 Nf6 4. e5 Nd5 5. d4 cxd4 6. cxd4 d6 7. Bc4 dxe5 8.
Nxe5 e6 9. O-O Be7 10. Nxc6 bxc6 11. a3 O-O 12. Bd3 c5 13. dxc5 Bxc5 14. Bxh7+
Kxh7 15. Qc2+ Kg8 16. Qxc5 Ba6 17. Re1 Rc8 18. Qxa7 Qa5 19. Bd2 Qb5 20. Nc3 Qxb2
21. Nxd5 exd5 22. Bb4 Ra8 23. Qc5 Rfd8 24. Bc3 Qc2 25. Qd4 f6 26. Re7 Qg6 27. h4
Bc4 28. a4 Re8 29. h5 Qg5 30. Rae1 Rxe7 31. Rxe7 Rxa4 32. Re8+ Kh7 33. Re3 Ra2
34. Rg3 Qf5 35. h6 gxh6 36. Qb6 Qd7 37. Qxf6 1-0

[Event "Titled Tue 27th May Late"]
[Site "chess.com INT"]
[Date "2025.05.27"]
[Round "2"]
[White "Hernandez Bonilla, Amelia"]
[Black "Korkmaz, Necmettin"]
[Result "0-1"]
[WhiteTitle "WFM"]
[BlackTitle "CM"]
[WhiteElo "1976"]
[BlackElo "2059"]
[WhiteFideId "3900193"]
[BlackFideId "6303285"]
[EventDate "2025.05.27"]

1. d4 d5 2. Bf4 Nf6 3. e3 c5 4. Nf3 Nc6 5. Nbd2 Qb6 6. dxc5 Qxb2 7. Rb1 Qc3 8.
Bb5 g6 9. O-O Bg7 10. Nb3 O-O 11. Bxc6 bxc6 12. Be5 Qc4 13. Nfd4 Bd7 14. Qd3 a5
15. Qxc4 dxc4 16. Nd2 Nd5 17. Bxg7 Kxg7 18. Nxc4 Rfb8 19. e4 Nb4 20. Nb6 Ra7 21.
a3 Na6 22. Rbd1 Nxc5 23. Nxd7 Rxd7 24. Nxc6 Rxd1 25. Rxd1 Rb2 26. Nxa5 Nxe4 27.
f3 Nc3 28. Rd7 e6 29. Nc4 Rxc2 30. Ne5 Ne2+ 31. Kf1 Kf6 32. Ng4+ Kg5 33. Rxf7
Nd4 34. Ne3 Ra2 35. Rxh7 Rxa3 36. Kf2 Ra2+ 37. Kg3 Ne2+ 38. Kh3 Nf4+ 39. Kg3
Ne2+ 40. Kh3 Ra3 41. Nc4 Ra2 42. Ne5 Nf4+ 43. Kg3 Rxg2# 0-1

[Event "Titled Tue 27th May Late"]
[Site "chess.com INT"]
[Date "2025.05.27"]
[Round "2"]
[White "Rueda Rojas, Richard Alejandro"]
[Black "Hiermann, Dietmar"]
[Result "1-0"]
[WhiteTitle "FM"]
[BlackTitle "FM"]
[WhiteElo "2090"]
[BlackElo "2216"]
[WhiteFideId "4491505"]
[BlackFideId "1602918"]
[EventDate "2025.05.27"]

1. d4 Nf6 2. c4 e6 3. Nf3 b6 4. g3 Ba6 5. Bg2 Bxc4 6. Nc3 Ba6 7. O-O d5 8. Ne5
c6 9. Re1 Be7 10. e4 O-O 11. exd5 cxd5 12. Bf4 Bb7 13. Rc1 Nbd7 14. Nb5 a6 15.
Nc7 Rc8 16. Nxf7 Rxf7 17. Nxe6 Qe8 18. Rxc8 Qxc8 19. Ng5 Bb4 20. Nxf7 Kxf7 21.
Re2 Qc4 22. Rc2 Qxa2 23. Rc7 Ba8 24. Be5 Be7 25. Bxf6 Nxf6 26. Qe2 Qb1+ 27. Bf1
Qe4 28. Qxa6 Qxd4 29. Qxa8 Qxb2 30. Qb7 Qe5 31. Bd3 Qe1+ 32. Kg2 Kf8 33. Qxb6
Kf7 34. Qd4 Qe6 35. h3 Qd6 36. Ra7 Kf8 37. Bf5 Qc5 38. Ra8+ Kf7 39. Qxc5 Bxc5
40. Rc8 Be7 41. g4 g6 42. Bd3 Ke6 43. f4 Bd6 44. Kf3 h6 45. Bxg6 1-0

[Event "Titled Tue 27th May Late"]
[Site "chess.com INT"]
[Date "2025.05.27"]
[Round "2"]
[White "Butti, Enrique"]
[Black "Avramidou, Anastasia"]
[Result "0-1"]
[WhiteTitle "CM"]
[BlackTitle "FM"]
[WhiteElo "1998"]
[BlackElo "2294"]
[WhiteFideId "3700470"]
[BlackFideId "4239873"]
[EventDate "2025.05.27"]

1. d4 Nf6 2. Nf3 g6 3. c4 Bg7 4. Nc3 O-O 5. Bg5 d6 6. e3 Nc6 7. Be2 h6 8. Bh4
Bf5 9. Nd2 e5 10. d5 Ne7 11. O-O Bd7 12. f4 exf4 13. exf4 Nf5 14. Bf2 Re8 15.
Qc2 Ne3 16. Bxe3 Rxe3 17. Rae1 Bf5 18. Qc1 Qe7 19. Bf3 Re8 20. Nde4 Rxe1 21.
Rxe1 Nxe4 22. Nxe4 Qd8 23. Qd2 Bd7 24. b3 f5 25. Ng3 b6 26. Nf1 Qf6 27. Rxe8+
Bxe8 28. Qe3 Kf8 29. Kf2 Bd7 30. Kg3 g5 31. Bh5 Qa1 32. Nd2 Qxa2 33. fxg5 Be5+
34. Kf3 Qa1 35. Ke2 Qh1 36. Bf3 Qxh2 37. gxh6 f4 38. Qe4 Qxh6 39. Nf1 Qf6 40.
Nh2 Bf5 41. Ng4 Bxe4 42. Nxf6 Bxf3+ 43. Kxf3 Bxf6 44. Kxf4 Kf7 45. g4 Kg6 0-1

[Event "Titled Tue 27th May Late"]
[Site "chess.com INT"]
[Date "2025.05.27"]
[Round "2"]
[White "Perez Rojas, Jorge"]
[Black "Deveci, Huseyin Said"]
[Result "1-0"]
[WhiteTitle "FM"]
[BlackTitle "CM"]
[WhiteElo "2100"]
[BlackElo "2212"]
[WhiteFideId "3452093"]
[BlackFideId "26322455"]
[EventDate "2025.05.27"]

1. e4 e5 2. Nc3 Nc6 3. Bc4 Nf6 4. d3 Bc5 5. f4 d6 6. Nf3 Be6 7. Bxe6 fxe6 8. Na4
Bb6 9. Nxb6 axb6 10. fxe5 dxe5 11. O-O O-O 12. c3 Qd6 13. Qe2 Rad8 14. Rd1 Ne7
15. Bg5 Ng6 16. g3 h6 17. Bc1 Rf7 18. h3 Rdf8 19. Rf1 Nh5 20. Kh2 Rd8 21. Rd1
Nf6 22. Be3 c5 23. Bg1 Rdf8 24. Ne1 h5 25. Ng2 h4 26. gxh4 Nf4 27. Nxf4 exf4 28.
Qf3 Qe5 29. Re1 Nh5 30. d4 Qc7 31. e5 g6 32. Bf2 Kh7 33. Rg1 Qe7 34. Rg5 Rf5 35.
Rag1 Ng7 36. Rxg6 R8f7 37. R6g5 Rxg5 38. Rxg5 Nf5 39. Qh5+ Nh6 40. Qg6+ Kh8 41.
Qxh6+ Rh7 42. Qf6+ Qxf6 43. exf6 Rf7 44. dxc5 bxc5 45. Bxc5 Rxf6 46. Bd4 1-0

[Event "Titled Tue 27th May Late"]
[Site "chess.com INT"]
[Date "2025.05.27"]
[Round "2"]
[White "Li, Eric 2007"]
[Black "Karas, Eugenia"]
[Result "1-0"]
[WhiteTitle "IM"]
[BlackTitle "WFM"]
[WhiteElo "2372"]
[BlackElo "2124"]
[WhiteFideId "30939941"]
[BlackFideId "463485"]
[EventDate "2025.05.27"]

1. d4 Nf6 2. c4 b6 3. Nc3 Bb7 4. Qc2 d5 5. cxd5 Nxd5 6. e4 Nxc3 7. bxc3 e6 8.
Nf3 c5 9. Bb5+ Bc6 10. Bd3 cxd4 11. cxd4 Bb4+ 12. Bd2 Bxd2+ 13. Qxd2 O-O 14. O-O
Nd7 15. Rac1 Bb7 16. Qf4 Rc8 17. h4 Qf6 18. Qe3 Rxc1 19. Rxc1 Rc8 20. Rd1 Qe7
21. Bb1 Qb4 22. d5 exd5 23. exd5 Bxd5 24. Bf5 Bxf3 25. gxf3 Qxh4 26. Bxd7 Rd8
27. Re1 h6 28. Bf5 g6 29. Be4 Re8 30. Qb3 Re5 31. Kf1 Qh3+ 32. Ke2 Qc8 33. Rd1
Qa6+ 34. Kd2 Qa5+ 35. Ke2 Qa6+ 36. Rd3 Ra5 37. a3 Rb5 38. Qc2 Rc5 39. Qd2 Qb5
40. Kf1 Qb1+ 41. Kg2 Rg5+ 42. Qxg5 hxg5 43. Rd8+ Kg7 44. Bxb1 1-0